000 00689nam a2200289Ia 4500
005 20260324143729.0
008 008 260324s9999 xx 000 0 eng d
020 _a9780429045592
037 _aEBOOK
040 _aCRL
040 _beng
040 _cCRL
041 _2eng
041 _aeng
084 _qCRL
100 _aAlexander Moens
_91191438
245 0 _aForeign Policy Under Carter
245 0 _bTesting Multiple Advocacy Decision Making
260 _bTaylor and Francis
260 _c1991
365 _a
365 _b220
856 _uhttp://www.taylorfrancis.com/books/9780429045592
942 _cEBOOK
999 _c1822458
_d1822458